[Event "Znojemska rotunda 2001"]
[Site "?"]
[Date "2001.08.18"]
[Round "1"]
[White "Svoboda J. ml."]
[Black "Dvorak L."]
[Result "1-0"]
[WhiteElo "1928"]
[BlackElo "1550"]
[PlyCount "75"]

1. e4 c5 2. f4 d6 3. Nf3 g6 4. d3 Bg7 5. Be2 Nc6 6. c3 e6 7. Be3 Nge7 8. Nbd2
Bd7 9. Qc2 b5 10. Rb1 b4 11. O-O O-O 12. Ra1 bxc3 13. bxc3 Qa5 14. Nc4 Qc7 15.
Rab1 Rab8 16. Na3 Na5 17. Nd2 d5 18. Kh1 Rfc8 19. Rbc1 Qd6 20. c4 Rb2 21. Qd1
d4 22. e5 Qa6 23. Bf2 Bc6 24. Rc2 Rcb8 25. Qc1 Qb7 26. Bf3 Qb4 27. Rxb2 Qxb2
28. Qb1 Rb6 29. Nc2 Qc3 30. Qc1 Rb2 31. Bd1 Rxa2 32. Qb1 Rb2 33. Qa1 Nf5 34.
Kg1 Ne3 35. Nxe3 Qxd2 36. Nc2 Qc3 37. Be1 Qxd3 38. Bxa5 1-0

[Event "Znojemska rotunda 2001"]
[Site "?"]
[Date "2001.08.18"]
[Round "1"]
[White "Gutdeutsch O."]
[Black "Antos J."]
[Result "0-1"]
[WhiteElo "2068"]
[BlackElo "1680"]
[PlyCount "88"]

1. e4 e5 2. Bc4 Nf6 3. Nf3 Nc6 4. O-O Bc5 5. Re1 d6 6. c3 Bb6 7. d4 Bg4 8. d5
Ne7 9. Bg5 O-O 10. Bxf6 gxf6 11. h3 Bh5 12. g4 Bg6 13. Nh4 c6 14. Qd2 cxd5 15.
Bxd5 Nxd5 16. Qxd5 Bxf2+ 17. Kxf2 Qb6+ 18. Kf3 Qxb2 19. Qd2 Qb6 20. Qe3 d5 21.
exd5 Qb5 22. Rd1 Bc2 23. Na3 Bxd1+ 24. Rxd1 Qa4 25. Rd3 Qxa3 26. Nf5 Rfe8 27.
Qh6 e4+ 28. Kg3 Qf8 29. Qxf6 exd3 30. Qg5+ Kh8 31. Qf6+ Kg8 32. Qg5+ Kh8 33.
Qf6+ Kg8 34. Nh6+ Qxh6 35. Qxh6 Re2 36. Qg5+ Kf8 37. Qh6+ Kg8 38. Qg5+ Kf8 39.
d6 d2 40. Qd5 Rd8 41. Qd3 Re3+ 42. Qxe3 Rxd6 43. Qxa7 d1=Q 44. Qxb7 Qe1+ 0-1

[Event "Znojemska rotunda 2001"]
[Site "?"]
[Date "2001.08.18"]
[Round "1"]
[White "Jurica P."]
[Black "Svoboda J. st."]
[Result "0-1"]
[WhiteElo "2140"]
[BlackElo "1726"]
[PlyCount "62"]

1. Nf3 Nf6 2. d4 d5 3. c4 c6 4. Nc3 Bf5 5. Qb3 Qb6 6. Qxb6 axb6 7. cxd5 Nxd5 8.
Nxd5 cxd5 9. e3 f6 10. Bd2 Nc6 11. Bb5 e6 12. O-O Bd6 13. Rfc1 Rc8 14. a3 O-O
15. h3 Na5 16. Bxa5 bxa5 17. Nh4 Be4 18. Rxc8 Rxc8 19. Bd7 Rc2 20. Bxe6+ Kf8
21. Nf5 Bc7 22. b4 g6 23. Nh4 axb4 24. axb4 Bd6 25. f3 Bd3 26. f4 Be4 27. Ra7
Bxb4 28. Rxb7 Be1 29. Rxh7 Bg3 30. Rh8+ Ke7 31. Rc8 Rb2 0-1

[Event "Znojemska rotunda 2001"]
[Site "?"]
[Date "2001.08.18"]
[Round "1"]
[White "Pokorny J."]
[Black "Dobes O."]
[Result "0-1"]
[WhiteElo "1648"]
[BlackElo "2042"]
[PlyCount "92"]

1. e4 c5 2. Nf3 d6 3. d4 cxd4 4. Nxd4 Nf6 5. Nc3 a6 6. Bc4 e6 7. O-O Qc7 8. Bb3
Be7 9. Be3 b5 10. a3 Nc6 11. f3 Na5 12. Qe1 O-O 13. Rd1 Nc4 14. Bxc4 Qxc4 15.
Qf2 Bb7 16. Nb3 Nd7 17. Qg3 Qc7 18. Bh6 Bf6 19. Qxd6 Qxd6 20. Rxd6 Ne5 21. Bc1
Nc4 22. Rd3 Rac8 23. Nd2 Nxa3 24. bxa3 Rxc3 25. Rxc3 Bxc3 26. Nb3 Rd8 27. Be3
f6 28. Nc5 Bc8 29. Nd3 Kf7 30. Kf2 e5 31. Ke2 Be6 32. Bd2 Rc8 33. Rb1 Bd4 34.
Rc1 Bc4 35. c3 Bc5 36. Be3 Bxa3 37. Rd1 Rd8 38. Bb6 Rd6 39. Ba5 Bc5 40. Bb4
Bxb4 41. cxb4 Ke6 42. Ke3 Rxd3+ 43. Rxd3 Bxd3 44. Kxd3 Kd6 45. Kc3 Kc6 46. h4
Kb6 0-1

[Event "Znojemska rotunda 2001"]
[Site "?"]
[Date "2001.08.18"]
[Round "1"]
[White "Holcapfl J."]
[Black "Most Zd."]
[Result "0-1"]
[WhiteElo "1682"]
[BlackElo "2090"]
[PlyCount "88"]

1. e4 d6 2. d4 Nf6 3. Nc3 g6 4. f4 Bg7 5. Nf3 c5 6. dxc5 Qa5 7. Qd3 Qxc5 8.
Qb5+ Nbd7 9. Qxc5 Nxc5 10. Bb5+ Bd7 11. e5 dxe5 12. Nxe5 a6 13. Bxd7+ Nfxd7 14.
Nxd7 Nxd7 15. Nd5 Rc8 16. c3 Rc5 17. Ne3 Rxc3 18. O-O Rc5 19. Rd1 e6 20. Rb1
Rc7 21. b3 b5 22. Ba3 Bf8 23. Bxf8 Rxf8 24. Rd6 Nb8 25. Rbd1 Ke7 26. a4 Rc3 27.
R6d3 Rfc8 28. axb5 axb5 29. Ng4 f6 30. Kf2 Rc2+ 31. Kf3 R2c3 32. Ne3 Rxd3 33.
Rxd3 Nd7 34. Nd1 g5 35. g3 Rc2 36. h4 h5 37. b4 g4+ 38. Ke3 Nb6 39. Nc3 Rxc3
40. Rxc3 Nd5+ 41. Kd4 Nxc3 42. Kxc3 Kd6 43. Kd4 e5+ 44. Ke4 Ke6 0-1

[Event "Znojemska rotunda 2001"]
[Site "?"]
[Date "2001.08.18"]
[Round "1"]
[White "Amerling M."]
[Black "Majer J."]
[Result "1-0"]
[WhiteElo "1939"]
[BlackElo "1550"]
[PlyCount "67"]

1. Nf3 Nc6 2. d4 e6 3. g3 Nf6 4. Bg2 Be7 5. O-O O-O 6. c4 d5 7. b3 b6 8. Bb2
Bb7 9. Nbd2 Nb4 10. a3 Na6 11. Ne5 c5 12. Rc1 cxd4 13. cxd5 Nxd5 14. Bxd4 Bxa3
15. Ra1 Bc5 16. Bb2 Nab4 17. Ne4 Bd6 18. Nxd6 Qxd6 19. e4 f6 20. Nc4 Qd7 21.
exd5 Nxd5 22. Re1 e5 23. Qh5 Rfd8 24. Rad1 Qb5 25. Be4 g6 26. Bxg6 Rd7 27. Bf5
Rg7 28. Re4 Qc6 29. Rh4 Nf4 30. Bxh7+ Kf8 31. Ba3+ Re7 32. Qh6+ Kf7 33. Nd6+
Ke6 34. Bf5# 1-0

[Event "Znojemska rotunda 2001"]
[Site "?"]
[Date "2001.08.18"]
[Round "1"]
[White "Blazek M."]
[Black "Voborny D."]
[Result "1-0"]
[WhiteElo "2114"]
[BlackElo "1703"]
[PlyCount "55"]

1. e4 c5 2. Nf3 Nc6 3. d4 cxd4 4. Nxd4 d6 5. Nc3 g6 6. Be3 Bg7 7. Bc4 Nf6 8. f3
Bd7 9. Qd2 a6 10. Bb3 Rc8 11. O-O-O Na5 12. Bh6 O-O 13. h4 Nc4 14. Bxc4 Rxc4
15. Nde2 Qb6 16. h5 Be6 17. Bxg7 Kxg7 18. Nf4 d5 19. hxg6 fxg6 20. e5 Ng8 21.
Nxe6+ Qxe6 22. Qxd5 Qc8 23. Rd2 b5 24. Ne4 Qf5 25. b3 Rc7 26. g4 Qxf3 27. Rxh7+
Kxh7 28. Ng5+ 1-0

[Event "Znojemska rotunda 2001"]
[Site "?"]
[Date "2001.08.18"]
[Round "1"]
[White "Kosik J."]
[Black "Urban V."]
[Result "0-1"]
[WhiteElo "1378"]
[BlackElo "1926"]
[PlyCount "64"]

1. e4 e6 2. Nc3 d5 3. d3 Nf6 4. Bg5 Bb4 5. a3 Ba5 6. b4 Bb6 7. Nge2 Bxf2+ 8.
Kxf2 Ng4+ 9. Ke1 Qxg5 10. h3 Ne3 11. Qd2 Qh4+ 12. g3 Nxf1 13. gxh4 Nxd2 14.
Kxd2 dxe4 15. Nxe4 Nc6 16. Rhg1 f5 17. N4g3 Ne5 18. Raf1 g6 19. h5 g5 20. h6
Rg8 21. Nh5 Rg6 22. d4 Nf7 23. Nhg3 Rxh6 24. Rh1 Bd7 25. d5 O-O-O 26. Nd4 f4
27. Ne4 e5 28. Nb3 Bxh3 29. Rfg1 Rxd5+ 30. Kc3 g4 31. Nf2 f3 32. Nd2 Rc6+ 0-1

[Event "Znojemska rotunda 2001"]
[Site "?"]
[Date "2001.08.18"]
[Round "1"]
[White "Vlk M."]
[Black "Rulfova Z."]
[Result "1-0"]
[WhiteElo "1919"]
[BlackElo "1550"]
[PlyCount "77"]

1. d4 d5 2. c4 c6 3. Nc3 Nf6 4. Nf3 Bf5 5. Bg5 h6 6. Bh4 Nbd7 7. e3 e6 8. Bd3
Be7 9. cxd5 cxd5 10. Bxf5 exf5 11. O-O O-O 12. Qb3 Nb6 13. a4 Rb8 14. Bxf6 Bxf6
15. Rfc1 Re8 16. a5 Nc4 17. Nxd5 Qxd5 18. Qxc4 Qxc4 19. Rxc4 a6 20. Nd2 Rbd8
21. Raa4 Rd6 22. Kf1 Kf8 23. Ke2 g5 24. Kd3 h5 25. Rab4 Rb8 26. Rc5 f4 27. Ne4
Be7 28. Nxd6 Bxd6 29. e4 Bxc5 30. dxc5 Rc8 31. Rc4 Ke7 32. b4 Ke6 33. Rd4 Ke5
34. Rd5+ Kf6 35. f3 Rc6 36. Kc4 Ke6 37. Rxg5 h4 38. Rh5 Rd6 39. cxd6 1-0

[Event "Znojemska rotunda 2001"]
[Site "?"]
[Date "2001.08.18"]
[Round "1"]
[White "Jurak S."]
[Black "Molik Zd."]
[Result "0-1"]
[WhiteElo "1708"]
[BlackElo "2126"]
[PlyCount "66"]

1. d4 c5 2. d5 Nf6 3. Nc3 d6 4. e4 g6 5. Nf3 Bg7 6. Be2 O-O 7. O-O Bg4 8. h3
Bxf3 9. Bxf3 Qa5 10. Qd3 a6 11. Bg5 b5 12. a3 Nbd7 13. Qd2 Rfc8 14. Ne2 Qc7 15.
Bf4 Nb6 16. c3 a5 17. Rab1 a4 18. Ng3 Nc4 19. Qd3 Nd7 20. Bg4 Rcb8 21. Bxd7
Qxd7 22. Qe2 Ra7 23. Rfc1 Rab7 24. Nf1 Na5 25. Nd2 b4 26. cxb4 cxb4 27. axb4
Rxb4 28. Qa6 Nb3 29. Rc6 Nd4 30. Rcc1 h5 31. Kh2 R4b6 32. Qc4 Rxb2 33. Rxb2
Rxb2 0-1

[Event "Znojemska rotunda 2001"]
[Site "?"]
[Date "2001.08.18"]
[Round "1"]
[White "Mlensky D."]
[Black "Dvorak M."]
[Result "1-0"]
[WhiteElo "2040"]
[BlackElo "1548"]
[PlyCount "81"]

1. e4 e5 2. f4 exf4 3. Nf3 d6 4. d4 Nc6 5. Bxf4 Nf6 6. Nc3 Bg4 7. Qd2 h6 8.
O-O-O Qe7 9. h3 Bxf3 10. gxf3 O-O-O 11. Bb5 Nb8 12. Rde1 g5 13. Be3 c6 14. Bc4
Nfd7 15. f4 Nb6 16. Bb3 c5 17. dxc5 dxc5 18. Qf2 c4 19. Bxb6 axb6 20. Bxc4 Qc7
21. Bb3 Bc5 22. Qf3 gxf4 23. Nd5 Qe5 24. Rhf1 Nc6 25. Qxf4 Qxf4+ 26. Rxf4 Ne5
27. Rf5 Rhe8 28. Nf6 Re7 29. Bd5 Nc6 30. c3 Bd6 31. Rg1 Ne5 32. Rg8 Nd3+ 33.
Kc2 Ne5 34. Rxd8+ Kxd8 35. Ng8 Rd7 36. Nxh6 Ke8 37. Ng8 Kf8 38. Nf6 Rc7 39. h4
Kg7 40. Ne8+ Kf8 41. Nxd6 1-0

[Event "Znojemska rotunda 2001"]
[Site "?"]
[Date "2001.08.18"]
[Round "1"]
[White "Macoun V."]
[Black "Doeekal J."]
[Result "0-1"]
[WhiteElo "1550"]
[BlackElo "1956"]
[PlyCount "46"]

1. e4 e5 2. Nf3 d6 3. Nc3 Nc6 4. Bb5 Nf6 5. O-O Be7 6. d3 h6 7. Nd5 O-O 8.
Nxe7+ Qxe7 9. c3 Bg4 10. Re1 Nd7 11. d4 Kh8 12. Qd3 f5 13. dxe5 Ndxe5 14. Nxe5
Nxe5 15. Qd5 c6 16. Bxc6 bxc6 17. Qd4 fxe4 18. Qxe4 Rae8 19. Bf4 Qf6 20. Bxe5
Qxf2+ 21. Kh1 Rxe5 22. Qb1 Bf3 23. gxf3 Rg5 0-1

[Event "Znojemska rotunda 2001"]
[Site "?"]
[Date "2001.08.18"]
[Round "1"]
[White "Antos O."]
[Black "Markovic I."]
[Result "0-1"]
[WhiteElo "1750"]
[BlackElo "2235"]
[PlyCount "94"]

1. e4 d6 2. d4 Nf6 3. Bd3 e5 4. d5 Be7 5. h3 O-O 6. Nf3 c6 7. c4 Na6 8. Nc3 Nc5
9. Bc2 a5 10. a4 Qb6 11. O-O cxd5 12. cxd5 Bd7 13. Rb1 g6 14. Qe2 Nh5 15. Bh6
Rfc8 16. Be3 Ng7 17. Rfc1 f5 18. Bg5 Bxg5 19. Nxg5 h6 20. Nf3 f4 21. Nh4 g5 22.
Nf5 Bxf5 23. exf5 Rf8 24. Kh2 Nxf5 25. Bxf5 Rxf5 26. Qg4 Raf8 27. f3 Kg7 28. h4
Nd3 29. Rc2 h5 30. Qxh5 Rh8 31. Qg4 Rxh4+ 32. Qxh4 gxh4 33. Nb5 Nc5 34. b4 axb4
35. Rxb4 Rf7 36. Ra2 Nd3 37. a5 Nxb4 38. axb6 Nxa2 39. Nxd6 Nc3 40. Nxf7 Kxf7
41. d6 Ke6 42. Kh3 Nd5 43. Kxh4 Kxd6 44. g4 fxg3 45. Kxg3 Nxb6 46. Kg2 Kd5 47.
Kh1 Nc4 0-1

[Event "Znojemska rotunda 2001"]
[Site "?"]
[Date "2001.08.18"]
[Round "1"]
[White "Petlak J."]
[Black "Kudlacek M."]
[Result "1-0"]
[WhiteElo "1928"]
[BlackElo "1486"]
[PlyCount "39"]

1. e4 c5 2. g3 d6 3. Bg2 Nf6 4. c3 g6 5. Ne2 Bg7 6. O-O O-O 7. f4 Nbd7 8. d4
cxd4 9. cxd4 Rb8 10. h3 Qb6 11. Kh2 Rd8 12. b3 e5 13. Bb2 exf4 14. Nxf4 Qa6 15.
Nc3 b6 16. Re1 Bb7 17. Bf1 Qa5 18. Nb5 Ne8 19. Bc3 Qa6 20. a4 1-0

[Event "Znojemska rotunda 2001"]
[Site "?"]
[Date "2001.08.19"]
[Round "2"]
[White "Most Zd."]
[Black "Vlk M."]
[Result "1-0"]
[WhiteElo "2092"]
[BlackElo "1919"]
[PlyCount "57"]

1. d4 d5 2. Nf3 Nf6 3. g3 g6 4. c4 e6 5. Nc3 Bg7 6. Bg2 O-O 7. O-O b6 8. Ne5
Bb7 9. Bg5 c6 10. Qd2 Nbd7 11. Rac1 Qe8 12. Bh6 Nxe5 13. dxe5 Nd7 14. Bxg7 Kxg7
15. cxd5 exd5 16. f4 f6 17. e4 fxe5 18. exd5 c5 19. Rfe1 Qb8 20. Bh3 exf4 21.
Bxd7 fxg3 22. Re7+ Rf7 23. Rxf7+ Kxf7 24. Be6+ Kg7 25. Rf1 gxh2+ 26. Kh1 Qg3
27. Ne4 Qe5 28. Rf7+ Kh8 29. Qc3 1-0

[Event "Znojemska rotunda 2001"]
[Site "?"]
[Date "2001.08.19"]
[Round "2"]
[White "Svoboda J. st."]
[Black "Mlensky D."]
[Result "0-1"]
[WhiteElo "1726"]
[BlackElo "2045"]
[PlyCount "68"]

1. Nf3 f5 2. c4 Nf6 3. Nc3 e6 4. g3 b6 5. Bg2 Bb7 6. O-O Be7 7. e4 Nxe4 8. Ne5
O-O 9. Nxe4 Bxe4 10. Bxe4 fxe4 11. Qg4 Na6 12. Qxe4 Nc5 13. Qe2 Bf6 14. d4 Nb7
15. Ng4 Nd6 16. Nxf6+ Qxf6 17. Rd1 Nf5 18. Qe5 d6 19. Qxf6 gxf6 20. f4 Rae8 21.
g4 Ne7 22. b4 Nc6 23. Rb1 a5 24. b5 Ne7 25. Re1 Kf7 26. Rb3 Rg8 27. Rg3 h5 28.
h3 Nf5 29. Rg2 hxg4 30. hxg4 Nxd4 31. Re3 e5 32. f5 Rg7 33. Kh2 Reg8 34. Reg3
e4 0-1

[Event "Znojemska rotunda 2001"]
[Site "?"]
[Date "2001.08.19"]
[Round "2"]
[White "Markovic I."]
[Black "Amerling M."]
[Result "1-0"]
[WhiteElo "2335"]
[BlackElo "1939"]
[PlyCount "75"]

1. e4 c5 2. Nf3 Nc6 3. d4 cxd4 4. Nxd4 Nf6 5. Nc3 e5 6. Ndb5 d6 7. Bg5 a6 8.
Na3 b5 9. Bxf6 gxf6 10. Nd5 f5 11. Bd3 Be6 12. O-O Bxd5 13. exd5 Ne7 14. Nxb5
Bg7 15. Nc3 O-O 16. Qh5 e4 17. Bc4 Qc7 18. Bb3 a5 19. a4 Rae8 20. Rad1 Ng6 21.
Qxf5 Re5 22. Qh3 f5 23. Nb5 Qd7 24. f4 Re7 25. c3 Bf6 26. Qe3 Rg7 27. Kh1 Nh4
28. Rd2 Kh8 29. Bd1 Rfg8 30. g3 Ng6 31. Bh5 Qd8 32. b4 Ne7 33. Rfd1 Rf8 34.
bxa5 Qxa5 35. c4 Qb4 36. Be2 Nc8 37. Nd4 Qc5 38. Nxf5 1-0

[Event "Znojemska rotunda 2001"]
[Site "?"]
[Date "2001.08.19"]
[Round "2"]
[White "Dvorak M."]
[Black "Gutdeutsch O."]
[Result "1-0"]
[WhiteElo "1548"]
[BlackElo "2060"]
[PlyCount "101"]

1. d4 Nf6 2. c4 e5 3. Nc3 exd4 4. Qxd4 Nc6 5. Qd2 Bb4 6. f3 d5 7. e3 Be6 8. a3
Bxc3 9. Qxc3 O-O 10. b3 Re8 11. Ne2 d4 12. exd4 Bf5 13. d5 Ne5 14. Bg5 Nd3+ 15.
Kd2 Nf2 16. Bxf6 gxf6 17. Rg1 c6 18. Nd4 cxd5 19. Nxf5 dxc4+ 20. Nd4 Re4 21.
Bxc4 Rxd4+ 22. Ke1 Qb6 23. Qb4 Re8+ 24. Kf1 Nd3 25. Qxb6 axb6 26. Rd1 Re3 27.
a4 f5 28. g3 Kg7 29. Rg2 Kf6 30. Rgd2 Rxf3+ 31. Kg2 Rxc4 32. bxc4 Ne5 33. Rd6+
Kg5 34. R1d4 f6 35. Rxb6 Ra3 36. h4+ Kg6 37. c5 Ra2+ 38. Kf1 Ra1+ 39. Ke2 Ra2+
40. Kd1 Nc6 41. Rd7 Ne5 42. Re7 Nc6 43. Rexb7 Ne5 44. Re7 Nc4 45. Rbb7 h6 46.
c6 Rxa4 47. c7 Nd6 48. Rd7 Ra6 49. Rb8 Rc6 50. Ke2 h5 51. Rxd6 1-0

[Event "Znojemska rotunda 2001"]
[Site "?"]
[Date "2001.08.19"]
[Round "2"]
[White "Urban V."]
[Black "Blazek M."]
[Result "1-0"]
[WhiteElo "1915"]
[BlackElo "2116"]
[PlyCount "101"]

1. d4 Nf6 2. c4 g6 3. Nc3 Bg7 4. e4 O-O 5. f4 d6 6. Be2 c5 7. d5 e6 8. Nf3 exd5
9. cxd5 b5 10. Bxb5 Nxe4 11. Nxe4 Qa5+ 12. Kf2 Qxb5 13. Nxd6 Qb4 14. a3 Qb6 15.
Nxc8 Rxc8 16. Ne5 c4+ 17. Kg3 c3 18. b3 c2 19. Qf3 Bxe5 20. fxe5 Qd4 21. Be3
Qxe5+ 22. Bf4 Qc3 23. Rhe1 Qxf3+ 24. gxf3 Nd7 25. d6 Nc5 26. Re3 Ne6 27. Rc1
Nxf4 28. Kxf4 Rd8 29. Rd3 Rac8 30. Ke3 Rc6 31. b4 Rcxd6 32. Rxd6 Rxd6 33. Rxc2
a6 34. a4 Kg7 35. b5 axb5 36. axb5 g5 37. Rb2 Rb6 38. Kd4 h5 39. Kc5 Rb8 40.
Kd6 f5 41. Kc7 Rg8 42. f4 Kf6 43. fxg5+ Rxg5 44. Kd6 f4 45. b6 Rg8 46. b7 Kf5
47. b8=Q Rxb8 48. Rxb8 Ke4 49. Rh8 f3 50. Rxh5 f2 51. Re5+ 1-0

[Event "Znojemska rotunda 2001"]
[Site "?"]
[Date "2001.08.19"]
[Round "2"]
[White "Kudlacek M."]
[Black "Jurak S."]
[Result "0-1"]
[WhiteElo "1486"]
[BlackElo "1708"]
[PlyCount "78"]

1. d4 d5 2. Nf3 Nf6 3. g3 Bg4 4. Bg2 Qd7 5. O-O Bh3 6. b3 Bxg2 7. Kxg2 e6 8.
Bb2 Bd6 9. Nbd2 O-O 10. Rc1 Nc6 11. c4 Bb4 12. Qc2 Bxd2 13. Nxd2 Nb4 14. Qb1
Rfe8 15. c5 Nc6 16. Rfd1 Qe7 17. e4 Rad8 18. e5 Nd7 19. Nf3 f6 20. a3 fxe5 21.
Nxe5 Ncxe5 22. dxe5 Nxc5 23. b4 Ne4 24. Bd4 b6 25. Rc6 Rd7 26. Qc1 Ng5 27. Rd3
Nf7 28. Rdc3 Rc8 29. Rc2 Nd8 30. Rd6 c6 31. Rxd7 Qxd7 32. Qe3 Nb7 33. Qc1 Qc7
34. Qe3 c5 35. bxc5 bxc5 36. Bb2 Na5 37. Ba1 Nc4 38. Qc3 Qb7 39. Kg1 Rb8 0-1

[Event "Znojemska rotunda 2001"]
[Site "?"]
[Date "2001.08.19"]
[Round "2"]
[White "Molik Zd."]
[Black "Petlak J."]
[Result "1-0"]
[WhiteElo "2123"]
[BlackElo "1926"]
[PlyCount "83"]

1. e4 e6 2. d4 d5 3. Nc3 c6 4. Nf3 Be7 5. e5 b6 6. Be3 Ba6 7. Bxa6 Nxa6 8. Qe2
Nc7 9. O-O-O h5 10. h3 Qd7 11. g4 g6 12. Ng5 Bb4 13. Nb1 a5 14. f4 Be7 15. Nf3
O-O-O 16. Qd3 c5 17. dxc5 bxc5 18. Qa3 Qb5 19. Bd2 Kb7 20. Qxa5 Ra8 21. Qxb5+
Nxb5 22. a3 c4 23. Nc3 Nxc3 24. Bxc3 Bc5 25. Bd4 Bxd4 26. Nxd4 Ne7 27. Kd2 Rh7
28. Rdf1 hxg4 29. hxg4 Rah8 30. Rxh7 Rxh7 31. f5 gxf5 32. gxf5 exf5 33. Nxf5
Nc6 34. Nd6+ Kb6 35. Nxf7 Rh2+ 36. Kd1 d4 37. e6 d3 38. cxd3 cxd3 39. Ne5 Nxe5
40. e7 Nc4 41. e8=Q Rd2+ 42. Ke1 1-0

[Event "Znojemska rotunda 2001"]
[Site "?"]
[Date "2001.08.19"]
[Round "2"]
[White "Voborny D."]
[Black "Pokorny J."]
[Result "0-1"]
[WhiteElo "1703"]
[BlackElo "1648"]
[PlyCount "74"]

1. d4 d5 2. c4 e6 3. e3 Nf6 4. Nc3 c6 5. Nf3 Nbd7 6. Bd2 Bd6 7. Rc1 O-O 8. Qc2
Re8 9. cxd5 exd5 10. Bd3 Nf8 11. O-O Qc7 12. Nb5 Qe7 13. Nxd6 Qxd6 14. a3 Ng6
15. b4 Bg4 16. Ng5 Re7 17. h3 Bd7 18. a4 Rae8 19. Rb1 Ne4 20. Nxe4 dxe4 21. Bc4
Nh4 22. Kh1 Bxh3 23. Rg1 Bxg2+ 24. Rxg2 Nxg2 25. Kxg2 Qg6+ 26. Kf1 h5 27. b5 h4
28. Bb4 Rd7 29. Ke2 Red8 30. Ba5 b6 31. bxc6 Rc7 32. Bb4 Qxc6 33. Bxf7+ Kxf7
34. Qb2 Rdc8 35. Qa1 h3 36. a5 Qc2+ 37. Bd2 Qd3+ 0-1

[Event "Znojemska rotunda 2001"]
[Site "?"]
[Date "2001.08.19"]
[Round "2"]
[White "Majer J."]
[Black "Antos O."]
[Result "1/2-1/2"]
[WhiteElo "1550"]
[BlackElo "1750"]
[PlyCount "58"]

1. e4 e5 2. Nf3 Nc6 3. d4 exd4 4. Nxd4 Bb4+ 5. Nc3 Nf6 6. f3 O-O 7. Bc4 Na5 8.
Bd3 a6 9. O-O Bc5 10. Be3 Nc6 11. Nf5 Bxe3+ 12. Nxe3 Ne5 13. f4 Nxd3 14. Qxd3
c6 15. e5 Ne8 16. Rf3 d6 17. Ne4 Qb6 18. Ng5 g6 19. b3 Bf5 20. Qc3 h6 21. Nh3
d5 22. Rd1 Ng7 23. Kh1 Be4 24. Rg3 Rad8 25. Ng4 Nf5 26. Nf6+ Kg7 27. Nh5+ Kh7
28. Nf6+ Kg7 29. Rg4 d4 1/2-1/2

[Event "Znojemska rotunda 2001"]
[Site "?"]
[Date "2001.08.19"]
[Round "2"]
[White "Doeekal J."]
[Black "Antos J."]
[Result "1-0"]
[WhiteElo "1956"]
[BlackElo "1680"]
[PlyCount "65"]

1. e4 e5 2. Nc3 Nc6 3. Bc4 Bc5 4. Qg4 Kf8 5. Qf3 Nf6 6. Nge2 d6 7. h3 Na5 8.
Bb3 Nxb3 9. axb3 c6 10. d3 h6 11. Na4 Bb6 12. Nxb6 Qxb6 13. Be3 Qc7 14. O-O b6
15. Qg3 g5 16. f4 Nh5 17. Qf2 Nxf4 18. Nxf4 gxf4 19. Bxb6 Qb7 20. Rxa7 Rxa7 21.
Bxa7 Qa6 22. Bb8 c5 23. Qh4 Qb6 24. Qf6 Qxb8 25. Qxh8+ Ke7 26. g3 c4 27. bxc4
Qb6+ 28. Kg2 Be6 29. Qxh6 Qe3 30. Qh4+ Kd7 31. gxf4 exf4 32. Rxf4 Qe2+ 33. Rf2
1-0

[Event "Znojemska rotunda 2001"]
[Site "?"]
[Date "2001.08.19"]
[Round "2"]
[White "Dobes O."]
[Black "Svoboda J. ml."]
[Result "1-0"]
[WhiteElo "2042"]
[BlackElo "1550"]
[PlyCount "29"]

1. e4 e5 2. Nf3 Nc6 3. Bb5 Nge7 4. O-O g6 5. c3 Bg7 6. d4 a6 7. Ba4 O-O 8. Nxe5
Nxe5 9. dxe5 Bxe5 10. Bg5 d6 11. Nd2 Be6 12. f4 Bh8 13. f5 Bd7 14. Bb3 Re8 15.
fxg6 1-0

[Event "Znojemska rotunda 2001"]
[Site "?"]
[Date "2001.08.19"]
[Round "2"]
[White "Holcapfl J."]
[Black "Rulfova Z."]
[Result "1-0"]
[WhiteElo "1682"]
[BlackElo "1350"]
[PlyCount "79"]

1. e4 e5 2. Nf3 Nc6 3. d4 exd4 4. Nxd4 d6 5. Nxc6 bxc6 6. Bc4 Be6 7. Bxe6 fxe6
8. O-O e5 9. Qh5+ g6 10. Qe2 Nf6 11. f3 Bg7 12. Nc3 O-O 13. Qc4+ d5 14. Qxc6 d4
15. Nb5 Rf7 16. Bg5 h6 17. Bh4 a6 18. Na3 Ra7 19. Nc4 Qe7 20. Bg3 Nd7 21. Qxg6
Rf6 22. Bh4 Rxg6 23. Bxe7 Re6 24. Ba3 Nb6 25. Nxb6 cxb6 26. c3 dxc3 27. bxc3
Rc7 28. Rac1 Rec6 29. Bb2 a5 30. Rfd1 h5 31. Rd8+ Kh7 32. Rcd1 b5 33. R8d5 Rc5
34. Rxc5 Rxc5 35. Rd5 Rxd5 36. exd5 Kg8 37. Kf2 Kf7 38. Ke3 Kf6 39. Ke4 h4 40.
Bc1 1-0

[Event "Znojemska rotunda 2001"]
[Site "?"]
[Date "2001.08.19"]
[Round "2"]
[White "Dvorak L."]
[Black "Spilka J."]
[Result "1-0"]
[WhiteElo "1926"]
[BlackElo "1550"]
[PlyCount "71"]

1. Nf3 b6 2. g3 Bb7 3. Bg2 Nf6 4. c4 e6 5. Nc3 Bb4 6. O-O O-O 7. d4 Bd6 8. a3
a5 9. Qc2 g6 10. e4 Be7 11. e5 Nh5 12. Ne4 Bxe4 13. Qxe4 c6 14. Bh6 Re8 15. Nd2
d5 16. exd6 Qxd6 17. Rad1 f5 18. Qe3 Bf6 19. Nf3 Nd7 20. Ne5 Rac8 21. Rfe1 Re7
22. Qb3 Bxe5 23. dxe5 Qc7 24. f4 Nc5 25. Qc2 Rd7 26. Rxd7 Nxd7 27. Rd1 Kf7 28.
Rd6 Ng7 29. Bxg7 Kxg7 30. Rxc6 Qxc6 31. Bxc6 Rxc6 32. b4 b5 33. c5 a4 34. Qd3
Rc7 35. Qd6 Ra7 36. c6 1-0

[Event "Znojemska rotunda 2001"]
[Site "?"]
[Date "2001.08.19"]
[Round "2"]
[White "Kosik J."]
[Black "Macoun V."]
[Result "1-0"]
[WhiteElo "1377"]
[BlackElo "1550"]
[PlyCount "31"]

1. e4 e5 2. Nf3 Nf6 3. Nc3 Nc6 4. d4 Bb4 5. Bg5 d6 6. h3 O-O 7. Be2 Qe7 8. O-O
exd4 9. Nd5 Qxe4 10. Nxf6+ gxf6 11. Bxf6 Qf4 12. Bxd4 Nxd4 13. Nxd4 Bd7 14. Bd3
Qxd4 15. Bxh7+ Kxh7 16. Qxd4 1-0

[Event "Znojemska rotunda 2001"]
[Site "?"]
[Date "2001.08.19"]
[Round "2"]
[White "Roesner T."]
[Black "Jurica P."]
[Result "0-1"]
[WhiteElo "1803"]
[BlackElo "2140"]
[PlyCount "36"]

1. e4 Nf6 2. e5 Nd5 3. d4 d6 4. exd6 exd6 5. c4 Nb6 6. Nc3 Be7 7. b3 O-O 8. Nf3
Bf6 9. Be2 Re8 10. O-O c6 11. Bb2 Bg4 12. Bd3 d5 13. c5 Nc8 14. h3 Bh5 15. g4
Bg6 16. Bxg6 hxg6 17. Ne2 Nd7 18. Nf4 Nxc5 0-1

[Event "Znojemska rotunda 2001"]
[Site "?"]
[Date "2001.08.19"]
[Round "3"]
[White "Amerling M."]
[Black "Dvorak M."]
[Result "1-0"]
[WhiteElo "1939"]
[BlackElo "1548"]
[PlyCount "53"]

1. Nf3 Nc6 2. d4 d5 3. g3 h6 4. Bg2 Bg4 5. O-O Nf6 6. c4 dxc4 7. e3 Be6 8. Qa4
Qd7 9. Nc3 a5 10. a3 Ra6 11. e4 Na7 12. Qc2 Bg4 13. d5 Bxf3 14. Bxf3 e5 15.
dxe6 Qxe6 16. Nd5 Rc6 17. Bg2 b5 18. Nxf6+ gxf6 19. e5 Rc5 20. Be3 Rxe5 21.
Bxa7 c5 22. Qd2 Qa6 23. Bb8 Re6 24. Bh3 Re7 25. Rfe1 Rxe1+ 26. Rxe1+ Be7 27.
Qd7+ 1-0

[Event "Znojemska rotunda 2001"]
[Site "?"]
[Date "2001.08.19"]
[Round "3"]
[White "Spilka J."]
[Black "Majer J."]
[Result "0-1"]
[WhiteElo "1550"]
[BlackElo "1550"]
[PlyCount "102"]

1. c4 Nf6 2. d4 d5 3. cxd5 Qxd5 4. Nc3 Qd8 5. Nf3 Bf5 6. Bf4 e6 7. a3 Nc6 8. e3
Bd6 9. Bxd6 cxd6 10. Nh4 Ne4 11. Nxf5 exf5 12. Bb5 d5 13. Qb3 Nxc3 14. Qxc3 Rc8
15. O-O O-O 16. Qd3 Qg5 17. f4 Qh5 18. Ba4 g5 19. Qxf5 Ne7 20. Qxg5+ Qxg5 21.
fxg5 Kh8 22. g4 Rc7 23. Rf6 Ng6 24. Kf2 b5 25. Bb3 Rd8 26. Kg3 Re7 27. Re1 Kg7
28. h4 Rde8 29. Rf3 Rd7 30. h5 Ne7 31. Ref1 Nc6 32. h6+ Kg8 33. Re1 Nxd4 34.
Bd1 Nxf3 35. Kxf3 d4 36. e4 d3 37. Ke3 Rxe4+ 38. Kxe4 Re7+ 39. Kxd3 Rxe1 40.
Kd2 Re5 41. g6 hxg6 42. Bb3 Rg5 43. h7+ Kxh7 44. Bxf7 Rxg4 45. Be6 Rd4+ 46. Kc3
Rd6 47. Bg4 Kh6 48. Be2 a6 49. Bf3 Kg5 50. Bg2 Kf4 51. b4 g5 0-1

[Event "Znojemska rotunda 2001"]
[Site "?"]
[Date "2001.08.19"]
[Round "3"]
[White "Rulfova Z."]
[Black "Kudlacek M."]
[Result "0-1"]
[WhiteElo "1350"]
[BlackElo "1486"]
[PlyCount "58"]

1. e4 c5 2. c4 d6 3. Nf3 g6 4. d3 Bg7 5. Nc3 Nf6 6. Be2 O-O 7. O-O a6 8. a4 Nc6
9. Be3 Bd7 10. d4 Nxd4 11. Nxd4 cxd4 12. Bxd4 Bc6 13. f3 Rc8 14. Nd5 Bxd5 15.
cxd5 Nh5 16. Be3 Qd7 17. Rb1 f5 18. b3 f4 19. Bc1 Rc7 20. Qe1 Rfc8 21. g4 fxg3
22. hxg3 Qh3 23. Bf4 Bd4+ 24. Rf2 Nxg3 25. Bxg3 Qxg3+ 26. Kf1 Bxf2 27. Qxf2
Rc1+ 28. Bd1 Qxf2+ 29. Kxf2 Rxb1 0-1